000
00320nam a2200145Ia 4500
100
_a
Montgomery/ John
942
_c
BK
654
_a
Computer
245
_a
The Underground guide to unix
260
_b
Addison Wesley Pub
_a
Reading
_c
1995
082
_a
5.43
_b
MON
300
_a
343
546
_a
ENGLISH
999
_c
28600
_d
28600